000 00676nam a2200229Ia 4500
003 OSt
005 20220401145738.0
008 210716s2011 xx 000 0 und d
020 _a9789353163754
040 _cAIMIT LIBRARY
041 _aeng
082 _a346.07
_27
_bPATA
100 _aPathak, Akhileshwar.
_925372
245 _aLegal aspects of business /
_cBy Akhileshwar Pathak.
250 _a7th ed.
260 _aNew Delhi :
_bTata McGraw Hill Publishing Company Ltd ;
_c2011.
300 _axxviii, 941p. ;
650 _aContract law
_925373
650 _aSale of good
_927328
650 _aBailment pledge and lien
_927329
942 _2ddc
_cBK
_e7th
_k346.07 PATA
999 _c211023
_d211023